00320nam a2200121Ia 4500003000400000008004100004040001600045082001900061245005400080260004800134300001100182490000500193GCL140319s9999 xx 000 0 ara d aGCL / cGCL04a301.363bع ز10aالزواج وتطور مجتمع البحرين a[S.N] : bمكتبة مدبولى ، c1989 a623 ص a